ULTIMATE HARRY POTTER QUIZ - Statistics

General Stats
  • This quiz has been taken 113 times
  • The average score is 41 of 45
Answer Stats
Question Tile Select % Correct
WHO IS IN GRYFFINDOR? crab No
100%
WHO IS IN GRYFFINDOR? draco No
100%
WHO IS IN GRYFFINDOR? harry Yes
100%
WHO IS IN GRYFFINDOR? hermione Yes
100%
WHAT IS THE NAME OF HARRY'S AUNT? BELLATRIX No
99%
WHAT IS THE NAME OF HARRY'S AUNT? CHO No
99%
WHO IS IN GRYFFINDOR? ginny Yes
99%
WHAT IS THE NAME OF HARRY'S AUNT? HERMIONE No
99%
WHAT IS THE NAME OF HARRY'S AUNT? LILY No
99%
WHAT IS THE NAME OF HARRY'S AUNT? LUNA No
99%
WHAT IS THE NAME OF HARRY'S AUNT? NARCISSA No
99%
WHAT IS THE NAME OF HARRY'S AUNT? PETUNIA Yes
99%
WHO IS IN GRYFFINDOR? tom No
99%
WHAT IS THE NAME OF HARRY'S AUNT? DUDLEY No
98%
WHAT IS THE NAME OF HARRY'S AUNT? VERNON No
98%
WHAT CLSS DOES SNAPE TEACH? ASTRONOMY No
97%
WHICH HOUSE WAS HERMIONE MEANT TO BE IN? basilisk No
97%
WHAT CLSS DOES SNAPE TEACH? DIVINATION No
97%
WHAT CLSS DOES SNAPE TEACH? FLYING No
97%
WHICH HOUSE WAS HERMIONE MEANT TO BE IN? goblin No
97%
WHO IS THE HEAD TEACHER? hagrid No
97%
WHAT CLSS DOES SNAPE TEACH? HERBOLOGY No
97%
WHO IS THE HEAD TEACHER? lockhart No
97%
WHO IS THE HEAD TEACHER? lupin No
97%
WHO IS THE HEAD TEACHER? quirrel No
97%
WHICH HOUSE WAS HERMIONE MEANT TO BE IN? riddle No
97%
WHAT CLSS DOES SNAPE TEACH? TRANSFIGURAION No
97%
WHO IS THE HEAD TEACHER? trelawney No
97%
WHAT CLSS DOES SNAPE TEACH? ANCIENT STRUCTURES No
96%
WHO IS IN GRYFFINDOR? cedric No
96%
WHICH HOUSE WAS HERMIONE MEANT TO BE IN? death eater No
96%
WHICH HOUSE WAS HERMIONE MEANT TO BE IN? ghost No
96%
WHO IS IN GRYFFINDOR? luna No
96%
WHO IS IN GRYFFINDOR? ronald Yes
96%
WHICH HOUSE WAS HERMIONE MEANT TO BE IN? slytherin No
96%
WHAT CLSS DOES SNAPE TEACH? CHARMS No
95%
WHAT CLSS DOES SNAPE TEACH? POTIONS Yes
93%
WHICH HOUSE WAS HERMIONE MEANT TO BE IN? hufflepuff No
92%
WHO IS THE HEAD TEACHER? dumbledore Yes
79%
WHICH HOUSE WAS HERMIONE MEANT TO BE IN? ravenclaw Yes
76%
WHICH HOUSE WAS HERMIONE MEANT TO BE IN? gryffindor No
67%
WHO IS THE HEAD TEACHER? umbridge No
58%
WHO IS THE HEAD TEACHER? mcgonagl No
45%
WHO IS THE HEAD TEACHER? snape No
45%
WHAT CLSS DOES SNAPE TEACH? DEFENCE AGAINST THE DARK ARTS No
32%
No matching quizzes found
Score Distribution
Percent of People with Each Score
Percentile by Number Answered
Your Score History
You have not taken this quiz